Barón s dušou tuláka

Bibliographic Details
Main Author: Lacková, Dana, 1950- (Author)
Format: Article
Language:Slovak
PhysicalDescription:Fotogr.
ISSN:0862-8823
Subjects:

MARC

LEADER 00000nab a2200000 ar4500
001 vtls009523130
003 SK-MaSNL
005 20260304204717.0
008 090608c2009 xo sr|p|||||||000 b|slo
015 |a SNBRB2009/06  |2 snkbucl 
038 |a SNKBUCL 
040 |a SNKBUCL  |b slo  |c SNKBUCL  |e AACR2 
041 |a slo 
044 |a xo  |c SK 
080 |a 75.071.1  |2 1997 
100 1 |a Lacková, Dana,  |d 1950-  |4 aut  |9 330034 
245 1 0 |a Barón s dušou tuláka  |c Dana Lacková 
300 |b Fotogr. 
600 1 7 |a Medňanský, Ladislav,  |d 1852-1919  |2 snkbucl  |9 37085 
773 0 |t Slovenské národné noviny  |g Roč. 20 (24), č. 14-15 (2009), s. 9  |x 0862-8823 
852 |a SNK  |b KIS3GCP 
958 |a BX 
999 |c 3117421  |d 3119351